000 00537nam a2200181Ia 4500
008 090124s9999 xx 000 0 und d
082 _b114747
100 _aभडभडे सुमन
245 _a इथे बहर भाव फुलला
250 _a0
260 _c1973
300 _a131
600 _aभडभडे सुमन
630 _a इथे बहर भाव फुलला
700 _aभडभडे सुमन
730 _a इथे बहर भाव फुलला
942 _cBOOK
999 _c160838
_d160838